[Event "Benidorm Satellite preliminary"]
[Site "playchess.com #007036"]
[Date "2009.10.24"]
[Round "2"]
[White "Yang Guo"]
[Black "HaraldEtuna"]
[Result "1-0"]
[WhiteElo "2806"]
[BlackElo "2176"]
[PlyCount "127"]
[EventDate "2009.10.24"]
[EventType "swiss (blitz)"]

1. e4 {[%emt 0:00:02]} Nf6 {[%emt 0:00:01]} 2. e5 {[%emt 0:00:02]} Nd5 {[%emt
0:00:01]} 3. c4 {[%emt 0:00:00]} Nb6 {[%emt 0:00:01]} 4. d4 {[%emt 0:00:00]} d6
{[%emt 0:00:00]} 5. exd6 {[%emt 0:00:00]} cxd6 {[%emt 0:00:00]} 6. Nc3 {[%emt
0:00:01]} g6 {[%emt 0:00:00]} 7. Be3 {[%emt 0:00:01]} Bg7 {[%emt 0:00:01]} 8.
Rc1 {[%emt 0:00:01]} O-O {[%emt 0:00:01]} 9. b3 {[%emt 0:00:00]} e5 {[%emt 0:
00:02]} 10. dxe5 {[%emt 0:00:00]} dxe5 {[%emt 0:00:00]} 11. Qxd8 {[%emt 0:00:
05]} Rxd8 {[%emt 0:00:00]} 12. c5 {[%emt 0:00:21]} N6d7 {[%emt 0:00:01]} 13.
Bc4 {[%emt 0:00:01]} Nc6 {[%emt 0:00:02]} 14. Nf3 {[%emt 0:00:05]} h6 {[%emt 0:
00:06]} 15. Ne4 {[%emt 0:00:16]} Nf8 {[%emt 0:00:01]} 16. Nd6 {[%emt 0:00:07]}
Rd7 {[%emt 0:00:01]} 17. O-O {[%emt 0:00:16]} Re7 {[%emt 0:00:02]} 18. Rfd1 {
[%emt 0:00:12]} Be6 {[%emt 0:00:02]} 19. Bb5 {[%emt 0:00:08]} Nb4 {[%emt 0:00:
13]} 20. a3 {[%emt 0:00:12]} Nd5 {[%emt 0:00:03]} 21. b4 {[%emt 0:00:02]} Nxe3
{[%emt 0:00:04]} 22. fxe3 {[%emt 0:00:00]} a6 {[%emt 0:00:16]} 23. Bd3 {[%emt
0:00:05]} f5 {[%emt 0:00:35]} 24. e4 {[%emt 0:00:05]} f4 {[%emt 0:00:03]} 25.
Bc4 {[%emt 0:00:02]} Rd7 {[%emt 0:00:13]} 26. Bd5 {[%emt 0:00:03]} Bxd5 {[%emt
0:00:10]} 27. exd5 {[%emt 0:00:03]} Rad8 {[%emt 0:00:05]} 28. Nd2 {[%emt 0:00:
01]} g5 {[%emt 0:00:17]} 29. N2e4 {[%emt 0:00:01]} Ng6 {[%emt 0:00:04]} 30. Rd3
{[%emt 0:00:02]} Kh8 {[%emt 0:00:04]} 31. Rcd1 {[%emt 0:00:01]} Bf8 {[%emt 0:
00:04]} 32. Nc4 {[%emt 0:00:05]} Bg7 {[%emt 0:00:16]} 33. a4 {[%emt 0:00:08]}
Nh4 {[%emt 0:00:02]} 34. b5 {[%emt 0:00:09]} axb5 {[%emt 0:00:02]} 35. axb5 {
[%emt 0:00:00]} Nf5 {[%emt 0:00:01]} 36. d6 {[%emt 0:00:39]} Nd4 {[%emt 0:00:
23]} 37. Rxd4 {[%emt 0:00:01]} exd4 {[%emt 0:00:01]} 38. c6 {[%emt 0:00:01]}
bxc6 {[%emt 0:00:01]} 39. bxc6 {[%emt 0:00:00]} Ra7 {[%emt 0:00:25]} 40. c7 {
[%emt 0:00:02]} Rc8 {[%emt 0:00:04]} 41. d7 {[%emt 0:00:04]} Raxc7 {[%emt 0:00:
02]} 42. dxc8=Q+ {[%emt 0:00:01]} Rxc8 {[%emt 0:00:01]} 43. Ncd6 {[%emt 0:00:
00]} Rc2 {[%emt 0:00:07]} 44. Nf5 {[%emt 0:00:02]} Re2 {[%emt 0:00:16]} 45.
Nxg7 {[%emt 0:00:06]} Rxe4 {[%emt 0:00:09]} 46. Nf5 {[%emt 0:00:01]} Kh7 {
[%emt 0:00:04]} 47. Nxd4 {[%emt 0:00:03]} Re8 {[%emt 0:00:02]} 48. Kf2 {[%emt
0:00:02]} Rd8 {[%emt 0:00:01]} 49. Rd2 {[%emt 0:00:01]} Kg6 {[%emt 0:00:01]}
50. Nf3 {[%emt 0:00:02]} Rxd2+ {[%emt 0:00:01]} 51. Nxd2 {[%emt 0:00:01]} Kf5 {
[%emt 0:00:00]} 52. Nf3 {[%emt 0:00:04]} h5 {[%emt 0:00:01]} 53. h4 {[%emt 0:
00:08]} gxh4 {[%emt 0:00:02]} 54. Nxh4+ {[%emt 0:00:00]} Kg4 {[%emt 0:00:01]}
55. Nf3 {[%emt 0:00:06]} h4 {[%emt 0:00:02]} 56. Nh2+ {[%emt 0:00:01]} Kg5 {
[%emt 0:00:08]} 57. Kg1 {[%emt 0:00:03]} Kf5 {[%emt 0:00:03]} 58. Kf2 {[%emt 0:
00:06]} Kg5 {[%emt 0:00:01]} 59. Kf3 {[%emt 0:00:01]} Kf5 {[%emt 0:00:01]} 60.
Ng4 {[%emt 0:00:01]} Kg5 {[%emt 0:00:01]} 61. Nf2 {[%emt 0:00:01]} Kf5 {[%emt
0:00:02]} 62. Nh3 {[%emt 0:00:00]} Ke5 {[%emt 0:00:04]} 63. Nxf4 {[%emt 0:00:
00]} Kf5 {[%emt 0:00:02]} 64. Nh3 {[%emt 0:00:01] HaraldEtuna resigns} 1-0

[Event "Benidorm Satellite preliminary"]
[Site "playchess.com #007036"]
[Date "2009.10.24"]
[Round "2"]
[White "Musterlukas"]
[Black "Paradoks10"]
[Result "1-0"]
[WhiteElo "1823"]
[BlackElo "1619"]
[PlyCount "133"]
[EventDate "2009.10.24"]
[EventType "swiss (blitz)"]

1. d4 {[%emt 0:00:02]} Nf6 {[%emt 0:00:03]} 2. Nf3 {[%emt 0:00:02]} g6 {[%emt
0:00:02]} 3. c4 {[%emt 0:00:01]} Bg7 {[%emt 0:00:01]} 4. Nc3 {[%emt 0:00:00]}
d6 {[%emt 0:00:01]} 5. e4 {[%emt 0:00:02]} O-O {[%emt 0:00:01]} 6. Be2 {[%emt
0:00:02]} Nbd7 {[%emt 0:00:02]} 7. O-O {[%emt 0:00:02]} e5 {[%emt 0:00:03]} 8.
d5 {[%emt 0:00:01]} Ne8 {[%emt 0:00:15]} 9. b4 {[%emt 0:00:05]} f5 {[%emt 0:00:
04]} 10. Ne1 {[%emt 0:00:05]} Ndf6 {[%emt 0:00:03]} 11. Bg5 {[%emt 0:00:03]} h6
{[%emt 0:00:05]} 12. Bxf6 {[%emt 0:00:02]} Nxf6 {[%emt 0:00:02]} 13. f3 {[%emt
0:00:01]} f4 {[%emt 0:00:08]} 14. Nd3 {[%emt 0:00:02]} g5 {[%emt 0:00:02]} 15.
c5 {[%emt 0:00:01]} Qe8 {[%emt 0:00:06]} 16. Rc1 {[%emt 0:00:02]} a6 {[%emt 0:
00:04]} 17. a4 {[%emt 0:00:06]} h5 {[%emt 0:00:03]} 18. Qb3 {[%emt 0:00:03]}
Ra7 {[%emt 0:00:06]} 19. b5 {[%emt 0:00:01]} g4 {[%emt 0:00:09]} 20. b6 {[%emt
0:00:04]} cxb6 {[%emt 0:00:07]} 21. Qxb6 {[%emt 0:00:07]} Ra8 {[%emt 0:00:08]}
22. Qxd6 {[%emt 0:00:09]} Bd7 {[%emt 0:00:13]} 23. Qxe5 {[%emt 0:00:08]} Qxe5 {
[%emt 0:00:05]} 24. Nxe5 {[%emt 0:00:01]} Be8 {[%emt 0:00:10]} 25. Nc4 {[%emt
0:00:10]} Rc8 {[%emt 0:00:04]} 26. Nd6 {[%emt 0:00:13]} Rxc5 {[%emt 0:00:04]}
27. e5 {[%emt 0:00:07]} Nxd5 {[%emt 0:00:04]} 28. Nxd5 {[%emt 0:00:01]} Rxd5 {
[%emt 0:00:01]} 29. Bc4 {[%emt 0:00:01]} Bxe5 {[%emt 0:00:12]} 30. Bxd5+ {
[%emt 0:00:02]} Kg7 {[%emt 0:00:02]} 31. Nxe8+ {[%emt 0:00:03]} Rxe8 {[%emt 0:
00:01]} 32. Rfe1 {[%emt 0:00:05]} Bd4+ {[%emt 0:00:03]} 33. Kh1 {[%emt 0:00:01]
} Be3 {[%emt 0:00:01]} 34. Rc7+ {[%emt 0:00:03]} Kf6 {[%emt 0:00:02]} 35. Rxb7
{[%emt 0:00:01]} g3 {[%emt 0:00:11]} 36. hxg3 {[%emt 0:00:04]} Rd8 {[%emt 0:00:
05]} 37. gxf4 {[%emt 0:00:05]} Bxf4 {[%emt 0:00:03]} 38. Be4 {[%emt 0:00:11]}
Kg5 {[%emt 0:00:04]} 39. Rb6 {[%emt 0:00:04]} a5 {[%emt 0:00:06]} 40. Rb5+ {
[%emt 0:00:05]} Kh4 {[%emt 0:00:02]} 41. Rxa5 {[%emt 0:00:01]} Rd2 {[%emt 0:00:
17]} 42. Rf5 {[%emt 0:00:09]} Bg3 {[%emt 0:00:03]} 43. Rb1 {[%emt 0:00:13]} Ra2
{[%emt 0:00:02]} 44. a5 {[%emt 0:00:01]} Bf2 {[%emt 0:00:07]} 45. Rbb5 {[%emt
0:00:05]} Rd2 {[%emt 0:00:13]} 46. Rxh5+ {[%emt 0:00:04]} Kg3 {[%emt 0:00:01]}
47. Rb1 {[%emt 0:00:17]} Be3 {[%emt 0:00:05]} 48. Rh3+ {[%emt 0:00:02]} Kf4 {
[%emt 0:00:02]} 49. a6 {[%emt 0:00:01]} Ra2 {[%emt 0:00:03]} 50. Bb7 {[%emt 0:
00:01]} Bf2 {[%emt 0:00:02]} 51. Kh2 {[%emt 0:00:03]} Ba7 {[%emt 0:00:06]} 52.
Rb4+ {[%emt 0:00:03]} Ke3 {[%emt 0:00:02]} 53. f4+ {[%emt 0:00:02]} Kf2 {[%emt
0:00:02]} 54. Rf3+ {[%emt 0:00:02]} Ke2 {[%emt 0:00:01]} 55. f5 {[%emt 0:00:01]
} Bb8+ {[%emt 0:00:04]} 56. Kh3 {[%emt 0:00:04]} Ra1 {[%emt 0:00:01]} 57. Rbf4
{[%emt 0:00:01]} Rh1+ {[%emt 0:00:03]} 58. Kg4 {[%emt 0:00:01]} Rh8 {[%emt 0:
00:08]} 59. Re4+ {[%emt 0:00:02]} Kd2 {[%emt 0:00:04]} 60. f6 {[%emt 0:00:01]}
Rg8+ {[%emt 0:00:02]} 61. Kf5 {[%emt 0:00:01]} Rxg2 {[%emt 0:00:05]} 62. f7 {
[%emt 0:00:06]} Bd6 {[%emt 0:00:04]} 63. Rd4+ {[%emt 0:00:02]} Ke2 {[%emt 0:00:
02]} 64. Rxd6 {[%emt 0:00:03]} Ke1 {[%emt 0:00:07]} 65. Re3+ {[%emt 0:00:06]}
Kf2 {[%emt 0:00:02]} 66. Bxg2 {[%emt 0:00:08]} Kxe3 {[%emt 0:00:04]} 67. f8=Q {
[%emt 0:00:02] Paradoks10 resigns} 1-0

[Event "Benidorm Satellite preliminary"]
[Site "playchess.com #007036"]
[Date "2009.10.24"]
[Round "2"]
[White "Jiriki"]
[Black "Sant"]
[Result "1-0"]
[WhiteElo "2499"]
[BlackElo "1935"]
[PlyCount "135"]
[EventDate "2009.10.24"]
[EventType "swiss (blitz)"]

1. e4 {[%emt 0:00:02]} Nf6 {[%emt 0:00:02]} 2. e5 {[%emt 0:00:02]} Nd5 {[%emt
0:00:01]} 3. Nc3 {[%emt 0:00:00]} Nb6 {[%emt 0:00:02]} 4. d4 {[%emt 0:00:02]}
d6 {[%emt 0:00:01]} 5. f4 {[%emt 0:00:02]} g6 {[%emt 0:00:01]} 6. Nf3 {[%emt 0:
00:01]} Bg7 {[%emt 0:00:01]} 7. Bd3 {[%emt 0:00:03]} O-O {[%emt 0:00:01]} 8.
O-O {[%emt 0:00:01]} f6 {[%emt 0:00:01]} 9. Be3 {[%emt 0:00:11]} fxe5 {[%emt 0:
00:05]} 10. fxe5 {[%emt 0:00:05]} Bg4 {[%emt 0:00:24]} 11. h3 {[%emt 0:00:15]}
Bxf3 {[%emt 0:00:18]} 12. Rxf3 {[%emt 0:00:00]} Nc6 {[%emt 0:00:10]} 13. exd6 {
[%emt 0:00:50]} exd6 {[%emt 0:00:04]} 14. Nb5 {[%emt 0:00:24]} a6 {[%emt 0:00:
51]} 15. Rxf8+ {[%emt 0:00:02]} Bxf8 {[%emt 0:00:09]} 16. Na3 {[%emt 0:00:14]}
Qe7 {[%emt 0:00:10]} 17. Qf3 {[%emt 0:00:06]} Bg7 {[%emt 0:00:06]} 18. c3 {
[%emt 0:00:11]} Rf8 {[%emt 0:00:05]} 19. Qg3 {[%emt 0:00:01]} d5 {[%emt 0:00:
15]} 20. Re1 {[%emt 0:00:04]} Qd7 {[%emt 0:00:10]} 21. Nc2 {[%emt 0:00:04]} Na5
{[%emt 0:00:14]} 22. Bf4 {[%emt 0:00:04]} c6 {[%emt 0:00:02]} 23. b3 {[%emt 0:
00:08]} Nc8 {[%emt 0:00:06]} 24. Bc7 {[%emt 0:00:07]} b6 {[%emt 0:00:08]} 25.
Bxa6 {[%emt 0:00:00]} Rf7 {[%emt 0:00:12]} 26. Bxc8 {[%emt 0:00:13]} Qxc7 {
[%emt 0:00:02]} 27. Re8+ {[%emt 0:00:09]} Bf8 {[%emt 0:00:02]} 28. Qxc7 {[%emt
0:00:09]} Rxc7 {[%emt 0:00:02]} 29. Be6+ {[%emt 0:00:06]} Kg7 {[%emt 0:00:01]}
30. Ne3 {[%emt 0:00:02]} Nb7 {[%emt 0:00:04]} 31. Bg4 {[%emt 0:00:03]} Nd6 {
[%emt 0:00:01]} 32. Rb8 {[%emt 0:00:01]} b5 {[%emt 0:00:01]} 33. Nd1 {[%emt 0:
00:05]} Ne4 {[%emt 0:00:01]} 34. Bf3 {[%emt 0:00:02]} Nf6 {[%emt 0:00:01]} 35.
Nf2 {[%emt 0:00:01]} h5 {[%emt 0:00:06]} 36. Nd3 {[%emt 0:00:01]} Bd6 {[%emt 0:
00:02]} 37. Ne5 {[%emt 0:00:01]} Bxe5 {[%emt 0:00:01]} 38. dxe5 {[%emt 0:00:00]
} Nd7 {[%emt 0:00:02]} 39. Re8 {[%emt 0:00:01]} Nc5 {[%emt 0:00:03]} 40. e6 {
[%emt 0:00:02]} Nd3 {[%emt 0:00:02]} 41. Kf1 {[%emt 0:00:03]} Ne5 {[%emt 0:00:
02]} 42. Ke2 {[%emt 0:00:01]} Kf6 {[%emt 0:00:05]} 43. Ke3 {[%emt 0:00:01]}
Nxf3 {[%emt 0:00:03]} 44. Kxf3 {[%emt 0:00:02]} c5 {[%emt 0:00:01]} 45. Ke3 {
[%emt 0:00:02]} Rc6 {[%emt 0:00:02]} 46. e7 {[%emt 0:00:03]} Kf7 {[%emt 0:00:
01]} 47. Rd8 {[%emt 0:00:01]} Kxe7 {[%emt 0:00:01]} 48. Rxd5 {[%emt 0:00:02]}
Ke6 {[%emt 0:00:01]} 49. c4 {[%emt 0:00:03]} bxc4 {[%emt 0:00:01]} 50. bxc4 {
[%emt 0:00:00]} Ra6 {[%emt 0:00:01]} 51. Rxc5 {[%emt 0:00:01]} Rxa2 {[%emt 0:
00:01]} 52. Rc6+ {[%emt 0:00:00]} Kf5 {[%emt 0:00:01]} 53. Kf3 {[%emt 0:00:03]}
Ra3+ {[%emt 0:00:03]} 54. Kf2 {[%emt 0:00:01]} Ra2+ {[%emt 0:00:01]} 55. Kg1 {
[%emt 0:00:00]} Rc2 {[%emt 0:00:03]} 56. Rc8 {[%emt 0:00:02]} g5 {[%emt 0:00:
03]} 57. Kh2 {[%emt 0:00:03]} h4 {[%emt 0:00:01]} 58. c5 {[%emt 0:00:02]} Kg6 {
[%emt 0:00:09]} 59. c6 {[%emt 0:00:01]} Kg7 {[%emt 0:00:01]} 60. Kg1 {[%emt 0:
00:04]} Kh7 {[%emt 0:00:02]} 61. Kf1 {[%emt 0:00:01]} Kg7 {[%emt 0:00:02]} 62.
c7 {[%emt 0:00:01]} Kf7 {[%emt 0:00:01]} 63. Ke1 {[%emt 0:00:01]} Ke7 {[%emt 0:
00:01]} 64. Rg8 {[%emt 0:00:05]} Kd7 {[%emt 0:00:02]} 65. Rxg5 {[%emt 0:00:05]}
Kxc7 {[%emt 0:00:03]} 66. Rg4 {[%emt 0:00:02]} Kd6 {[%emt 0:00:04]} 67. Kf1 {
[%emt 0:00:01]} Ke5 {[%emt 0:00:01]} 68. Rxh4 {[%emt 0:00:00] Sant resigns} 1-0

[Event "Benidorm Satellite preliminary"]
[Site "playchess.com #007036"]
[Date "2009.10.24"]
[Round "2"]
[White "Goldaxe"]
[Black "Kendo"]
[Result "0-1"]
[WhiteElo "2079"]
[BlackElo "2651"]
[PlyCount "164"]
[EventDate "2009.10.24"]
[EventType "swiss (blitz)"]

1. Nf3 {[%emt 0:00:02]} d5 {[%emt 0:00:01]} 2. c4 {[%emt 0:00:01]} e6 {[%emt 0:
00:04]} 3. g3 {[%emt 0:00:01]} Nf6 {[%emt 0:00:01]} 4. Bg2 {[%emt 0:00:01]} Be7
{[%emt 0:00:02]} 5. O-O {[%emt 0:00:02]} O-O {[%emt 0:00:00]} 6. b3 {[%emt 0:
00:02]} c5 {[%emt 0:00:04]} 7. e3 {[%emt 0:00:02]} Nc6 {[%emt 0:00:02]} 8. Bb2
{[%emt 0:00:02]} dxc4 {[%emt 0:00:05]} 9. bxc4 {[%emt 0:00:02]} Qc7 {[%emt 0:
00:01]} 10. d3 {[%emt 0:00:07]} b6 {[%emt 0:00:02]} 11. Nc3 {[%emt 0:00:03]}
Bb7 {[%emt 0:00:01]} 12. Qe2 {[%emt 0:00:04]} Rfd8 {[%emt 0:00:02]} 13. Rfd1 {
[%emt 0:00:02]} Rac8 {[%emt 0:00:03]} 14. Nd2 {[%emt 0:00:12]} Qb8 {[%emt 0:00:
14]} 15. f4 {[%emt 0:00:06]} Rd7 {[%emt 0:00:13]} 16. Nf3 {[%emt 0:00:05]} Rcd8
{[%emt 0:00:01]} 17. Rd2 {[%emt 0:00:17]} a6 {[%emt 0:00:12]} 18. Rad1 {[%emt
0:00:05]} Ba8 {[%emt 0:00:03]} 19. a4 {[%emt 0:00:06]} Ne8 {[%emt 0:00:29]} 20.
Ne4 {[%emt 0:00:09]} Nd6 {[%emt 0:00:06]} 21. Ne5 {[%emt 0:00:05]} Nxe5 {[%emt
0:00:05]} 22. Bxe5 {[%emt 0:00:45]} f5 {[%emt 0:00:21]} 23. Nc3 {[%emt 0:00:09]
} Bxg2 {[%emt 0:00:04]} 24. Kxg2 {[%emt 0:00:02]} Qa8+ {[%emt 0:00:04]} 25. Kg1
{[%emt 0:00:10]} Nf7 {[%emt 0:00:15]} 26. d4 {[%emt 0:00:10]} Nxe5 {[%emt 0:00:
04]} 27. dxe5 {[%emt 0:00:12]} Qc6 {[%emt 0:00:14]} 28. Rxd7 {[%emt 0:00:06]}
Rxd7 {[%emt 0:00:00]} 29. Rxd7 {[%emt 0:00:02]} Qxd7 {[%emt 0:00:00]} 30. Qd1 {
[%emt 0:00:02]} Qc6 {[%emt 0:00:12]} 31. Kf2 {[%emt 0:00:01]} g6 {[%emt 0:00:
14]} 32. Qd3 {[%emt 0:00:02]} Kf7 {[%emt 0:00:04]} 33. e4 {[%emt 0:00:07]
Goldaxe offers a draw} fxe4 {[%emt 0:00:26]} 34. Qxe4 {[%emt 0:00:03]} Qd7 {
[%emt 0:00:00]} 35. Ke2 {[%emt 0:00:03]} h5 {[%emt 0:00:02]} 36. h3 {[%emt 0:
00:06]} Kg7 {[%emt 0:00:06]} 37. g4 {[%emt 0:00:02]} hxg4 {[%emt 0:00:01]} 38.
hxg4 {[%emt 0:00:00]} Kf7 {[%emt 0:00:04]} 39. Qa8 {[%emt 0:00:08]} Qd4 {[%emt
0:00:04]} 40. Ne4 {[%emt 0:00:10]} Qxc4+ {[%emt 0:00:01]} 41. Kf3 {[%emt 0:00:
05]} Qd3+ {[%emt 0:00:11]} 42. Kg2 {[%emt 0:00:01]} Qc2+ {[%emt 0:00:02]} 43.
Kf3 {[%emt 0:00:02]} Qxa4 {[%emt 0:00:01]} 44. Qh8 {[%emt 0:00:04]} Qb3+ {
[%emt 0:00:02]} 45. Kf2 {[%emt 0:00:05]} Qc2+ {[%emt 0:00:02]} 46. Ke3 {[%emt
0:00:04]} Qc1+ {[%emt 0:00:01]} 47. Nd2 {[%emt 0:00:03]} Qe1+ {[%emt 0:00:03]}
48. Kd3 {[%emt 0:00:02]} c4+ {[%emt 0:00:04]} 49. Nxc4 {[%emt 0:00:02]} Qf1+ {
[%emt 0:00:02]} 50. Kc3 {[%emt 0:00:02]} Qf3+ {[%emt 0:00:03]} 51. Kb2 {[%emt
0:00:04]} Qf2+ {[%emt 0:00:02]} 52. Kb3 {[%emt 0:00:02]} Qf3+ {[%emt 0:00:03]}
53. Kb2 {[%emt 0:00:02]} Qe2+ {[%emt 0:00:01]} 54. Kb3 {[%emt 0:00:02]} Qd3+ {
[%emt 0:00:01]} 55. Kb2 {[%emt 0:00:02]} Qxc4 {[%emt 0:00:01]} 56. Qh7+ {[%emt
0:00:02]} Ke8 {[%emt 0:00:01]} 57. Qxg6+ {[%emt 0:00:02]} Kd7 {[%emt 0:00:01]}
58. f5 {[%emt 0:00:02]} Qd4+ {[%emt 0:00:01]} 59. Kc2 {[%emt 0:00:01]} Qxe5 {
[%emt 0:00:01]} 60. fxe6+ {[%emt 0:00:02]} Qxe6 {[%emt 0:00:00]} 61. Qd3+ {
[%emt 0:00:01]} Kc6 {[%emt 0:00:02]} 62. Qxa6 {[%emt 0:00:01]} Qg6+ {[%emt 0:
00:04]} 63. Kb3 {[%emt 0:00:04]} Qf7+ {[%emt 0:00:05]} 64. Kc2 {[%emt 0:00:04]}
Bc5 {[%emt 0:00:06]} 65. Qc8+ {[%emt 0:00:02]} Qc7 {[%emt 0:00:01]} 66. Qe6+ {
[%emt 0:00:01]} Kb7 {[%emt 0:00:02]} 67. Kb3 {[%emt 0:00:01]} Qc6 {[%emt 0:00:
03]} 68. Qf7+ {[%emt 0:00:02]} Ka6 {[%emt 0:00:01]} 69. Qc4+ {[%emt 0:00:02]}
Qb5+ {[%emt 0:00:01]} 70. Qxb5+ {[%emt 0:00:01]} Kxb5 {[%emt 0:00:00]} 71. g5 {
[%emt 0:00:01]} Bf8 {[%emt 0:00:01]} 72. g6 {[%emt 0:00:01]} Bg7 {[%emt 0:00:
00]} 73. Ka3 {[%emt 0:00:02]} Kc5 {[%emt 0:00:00]} 74. Kb3 {[%emt 0:00:01]} b5
{[%emt 0:00:00]} 75. Kc2 {[%emt 0:00:01]} b4 {[%emt 0:00:00]} 76. Kb3 {[%emt 0:
00:01]} Kb5 {[%emt 0:00:01]} 77. Kc2 {[%emt 0:00:01]} Kc4 {[%emt 0:00:00]} 78.
Kb1 {[%emt 0:00:01]} b3 {[%emt 0:00:01]} 79. Kc1 {[%emt 0:00:01]} Kb4 {[%emt 0:
00:00]} 80. Kb1 {[%emt 0:00:01]} Ka3 {[%emt 0:00:00]} 81. Kc1 {[%emt 0:00:02]}
Ka2 {[%emt 0:00:00]} 82. Kd2 {[%emt 0:00:00]} b2 {[%emt 0:00:00] Goldaxe
resigns} 0-1

[Event "Benidorm Satellite preliminary"]
[Site "playchess.com #007036"]
[Date "2009.10.24"]
[Round "2"]
[White "Franky Bono"]
[Black "Schachriese"]
[Result "1/2-1/2"]
[WhiteElo "2049"]
[BlackElo "2630"]
[PlyCount "162"]
[EventDate "2009.10.24"]
[EventType "swiss (blitz)"]

1. d4 {[%emt 0:00:02]} Nf6 {[%emt 0:00:05]} 2. c4 {[%emt 0:00:01]} c5 {[%emt 0:
00:02]} 3. d5 {[%emt 0:00:01]} b5 {[%emt 0:00:01]} 4. cxb5 {[%emt 0:00:01]} a6
{[%emt 0:00:01]} 5. b6 {[%emt 0:00:01]} a5 {[%emt 0:00:02]} 6. Nc3 {[%emt 0:00:
01]} Ba6 {[%emt 0:00:01]} 7. a4 {[%emt 0:00:03]} d6 {[%emt 0:00:02]} 8. e4 {
[%emt 0:00:05]} Bxf1 {[%emt 0:00:02]} 9. Kxf1 {[%emt 0:00:00]} g6 {[%emt 0:00:
09]} 10. Nf3 {[%emt 0:00:02]} Bg7 {[%emt 0:00:01]} 11. g3 {[%emt 0:00:01]} Nbd7
{[%emt 0:00:03]} 12. Kg2 {[%emt 0:00:01]} O-O {[%emt 0:00:02]} 13. Re1 {[%emt
0:00:03]} Nxb6 {[%emt 0:00:24]} 14. Qc2 {[%emt 0:00:07]} Qc8 {[%emt 0:00:15]}
15. h3 {[%emt 0:00:16]} Qb7 {[%emt 0:00:03]} 16. Nb5 {[%emt 0:00:02]} Rab8 {
[%emt 0:00:10]} 17. Bd2 {[%emt 0:00:03]} Nxa4 {[%emt 0:00:06]} 18. Nxd6 {[%emt
0:00:13]} exd6 {[%emt 0:00:00]} 19. Rxa4 {[%emt 0:00:05]} Qxb2 {[%emt 0:00:09]}
20. Qxb2 {[%emt 0:00:04]} Rxb2 {[%emt 0:00:01]} 21. Rxa5 {[%emt 0:00:01]} Re8 {
[%emt 0:00:08]} 22. Bc3 {[%emt 0:00:01]} Rb3 {[%emt 0:00:11]} 23. Bxf6 {[%emt
0:00:13]} Bxf6 {[%emt 0:00:00]} 24. Ra6 {[%emt 0:00:03]} Rd8 {[%emt 0:00:14]}
25. Re2 {[%emt 0:00:02]} Kf8 {[%emt 0:00:12]} 26. Rc6 {[%emt 0:00:01]} Rd7 {
[%emt 0:00:06]} 27. e5 {[%emt 0:00:02]} Be7 {[%emt 0:00:51]} 28. Rc8+ {[%emt 0:
00:15]} Kg7 {[%emt 0:00:01]} 29. h4 {[%emt 0:00:30]} h5 {[%emt 0:00:02]} 30.
Ng5 {[%emt 0:00:11]} dxe5 {[%emt 0:00:08]} 31. Rxe5 {[%emt 0:00:05]} f6 {[%emt
0:00:07]} 32. Ne6+ {[%emt 0:00:02]} Kf7 {[%emt 0:00:01]} 33. Re2 {[%emt 0:00:
08]} Rxd5 {[%emt 0:00:03]} 34. Rc7 {[%emt 0:00:06]} Re5 {[%emt 0:00:02]} 35.
Rxe5 {[%emt 0:00:08]} fxe5 {[%emt 0:00:00]} 36. Nxc5 {[%emt 0:00:05]} Rc3 {
[%emt 0:00:00]} 37. Na6 {[%emt 0:00:02]} Ra3 {[%emt 0:00:03]} 38. Rc6 {[%emt 0:
00:03]} Ra2 {[%emt 0:00:02]} 39. Nc7 {[%emt 0:00:02]} Rd2 {[%emt 0:00:04]} 40.
Nb5 {[%emt 0:00:02]} e4 {[%emt 0:00:01]} 41. Kf1 {[%emt 0:00:06]} Rd3 {[%emt 0:
00:02]} 42. Nc7 {[%emt 0:00:04]} Bf6 {[%emt 0:00:03]} 43. Ne6 {[%emt 0:00:03]}
Rd2 {[%emt 0:00:03]} 44. Nf4 {[%emt 0:00:02]} Bd4 {[%emt 0:00:02]} 45. Nh3 {
[%emt 0:00:05]} Kg7 {[%emt 0:00:06]} 46. Ra6 {[%emt 0:00:07]} Kf7 {[%emt 0:00:
01]} 47. Rc6 {[%emt 0:00:01]} e3 {[%emt 0:00:01]} 48. fxe3 {[%emt 0:00:02]}
Bxe3 {[%emt 0:00:00]} 49. Ra6 {[%emt 0:00:11]} Rh2 {[%emt 0:00:02]} 50. Ng5+ {
[%emt 0:00:06]} Bxg5 {[%emt 0:00:02]} 51. hxg5 {[%emt 0:00:01]} Rc2 {[%emt 0:
00:06]} 52. Ra5 {[%emt 0:00:12]} Ke6 {[%emt 0:00:01]} 53. Kg1 {[%emt 0:00:04]}
Re2 {[%emt 0:00:01]} 54. Kf1 {[%emt 0:00:09]} Re5 {[%emt 0:00:01]} 55. Ra6+ {
[%emt 0:00:01]} Kf5 {[%emt 0:00:01]} 56. Kg2 {[%emt 0:00:01]} Kxg5 {[%emt 0:00:
02]} 57. Ra2 {[%emt 0:00:01]} Re3 {[%emt 0:00:01]} 58. Rb2 {[%emt 0:00:02]} Rc3
{[%emt 0:00:02]} 59. Ra2 {[%emt 0:00:01]} Rc4 {[%emt 0:00:02]} 60. Rb2 {[%emt
0:00:01]} Kg4 {[%emt 0:00:01]} 61. Rf2 {[%emt 0:00:02]} g5 {[%emt 0:00:01]} 62.
Ra2 {[%emt 0:00:04]} Rb4 {[%emt 0:00:01]} 63. Rc2 {[%emt 0:00:01]} h4 {[%emt 0:
00:06]} 64. gxh4 {[%emt 0:00:01]} Kxh4 {[%emt 0:00:00]} 65. Kh2 {[%emt 0:00:03]
} Re4 {[%emt 0:00:03]} 66. Kg2 {[%emt 0:00:01]} Kg4 {[%emt 0:00:01]} 67. Ra2 {
[%emt 0:00:01]} Rc4 {[%emt 0:00:01]} 68. Rb2 {[%emt 0:00:01]} Kf4 {[%emt 0:00:
02]} 69. Ra2 {[%emt 0:00:01]} g4 {[%emt 0:00:01]} 70. Ra3 {[%emt 0:00:04]} Rc2+
{[%emt 0:00:08]} 71. Kg1 {[%emt 0:00:01]} Kg5 {[%emt 0:00:08]} 72. Rb3 {[%emt
0:00:05]} Kh4 {[%emt 0:00:02]} 73. Ra3 {[%emt 0:00:01]} Re2 {[%emt 0:00:04]}
74. Rb3 {[%emt 0:00:01]} Ra2 {[%emt 0:00:02]} 75. Rc3 {[%emt 0:00:01]} g3 {
[%emt 0:00:03]} 76. Rc8 {[%emt 0:00:04]} Ra5 {[%emt 0:00:05]} 77. Kg2 {[%emt 0:
00:03]} Ra2+ {[%emt 0:00:02]} 78. Kg1 {[%emt 0:00:01]} Ra5 {[%emt 0:00:01]} 79.
Kg2 {[%emt 0:00:01]} Kg4 {[%emt 0:00:03]} 80. Rc4+ {[%emt 0:00:02]} Kg5 {[%emt
0:00:02]} 81. Kxg3 {[%emt 0:00:01]} Ra3+ {[%emt 0:00:01] Schachriese bietet
Remis Arbiter Decision (Draw by material)} 1/2-1/2